00573nam a2200205 i 4500001000400000100002100004245003500025260004000060300002600100650001800126740001300144740001400157740000800171740001800179020001500197040000800212041000800220008004100228856009800269bgj1 aCHURCHILL, Caryl10aPlays: Two /cCaryl Churchill. aPortsmouth :bMetheun Drama,c1992. a[X], 309 pp ;c18 cm. 9aEnglish drama02aSoftcops02aTop Girls02aFen02aSerious Money a0413622703 cBPK0 aeng s uk f |000 0 eng  uhttp://koha.tu.koszalin.pl/cgi-bin/koha/opac-detail.pl?biblionumber=48819yKatalog online BPK